[Event "Isey Skyr Open 2019"]
[Site "Selfoss"]
[Date "2019.11.25"]
[Round "4.5"]
[White "Gislason, Gudmundur"]
[Black "Sigurmundsson, Ingimundur"]
[Result "1-0"]
[WhiteElo "2336"]
[BlackElo "1875"]
[Annotator "TA"]
[PlyCount "43"]
[EventDate "2019.11.21"]
[EventType "swiss"]
[EventCountry "ISL"]
[SourceTitle "playchess.com"]
[Source "ChessBase"]
[SourceQuality "1"]

{[%evp 9,43,41,32,21,30,29,57,57,58,63,64,59,99,100,95,74,114,99,130,99,100,109,83,84,122,117,117,117,114,100,168,189,183,164,501,472]} 1. d4 Nf6 2. g3 g6 3. Bg2 d5 4. c4 e6 5. Nc3 Bg7 6. Bg5 {D00: 1 d4 d5: Unusual lines} c6 7. e4 {[#] Black must now prevent e5.} dxe4 8. Nxe4 {White is slightly better.} O-O $146 ({Predecessor:} 8... Qa5+ 9. Bd2 Qd8 10. Nxf6+ Bxf6 11. Bc3 c5 12. Ne2 cxd4 13. Nxd4 {½-½ (21) Nikolic,N (2340)-Kurajica,B (2535) Zagreb 1993}) 9. Nf3 Qa5+ 10. Bd2 Qc7 11. Nxf6+ Bxf6 12. O-O Rd8 13. Qe2 b6 14. Rfd1 Bb7 15. Bf4 Qe7 16. h4 h5 17. Bg5 Nd7 18. d5 cxd5 19. cxd5 Nf8 {[#]} (19... Rab8 $16) 20. d6 $1 $18 {[%cal Rd6e7][%mdl 576] Deflection} Rxd6 21. Rxd6 Qxd6 $2 (21... Bxg5 22. Nxg5 Bxg2) 22. Bxf6 {Accuracy: White = 86%, Black = 41%.} 1-0

[Event "Isey Skyr Open 2019"]
[Site "Selfoss"]
[Date "2019.11.27"]
[Round "5.1"]
[White "Stefansson, Vignir Vatnar"]
[Black "Gretarsson, Hjorvar Steinn"]
[Result "0-1"]
[WhiteElo "2338"]
[BlackElo "2568"]
[Annotator "TA"]
[PlyCount "64"]
[EventDate "2019.11.21"]
[EventType "swiss"]
[EventCountry "ISL"]
[SourceTitle "playchess.com"]
[Source "ChessBase"]
[SourceQuality "1"]

{[%evp 25,64,25,49,54,51,0,0,0,0,0,59,23,37,26,27,0,31,0,5,-54,-20,-31,-18,-14,-11,-19,-20,-90,-16,-114,-113,-175,-167,-214,-147,-394,-390,-607,-564,-637,-612]} 1. Nf3 Nf6 2. c4 g6 3. Nc3 Bg7 4. e4 d6 5. d4 O-O 6. Be2 e5 7. dxe5 dxe5 8. Qxd8 Rxd8 9. Bg5 c6 10. Nxe5 Re8 11. O-O-O Na6 12. Rd6 Be6 13. f4 h6 14. Bxf6 {E92: King's Indian: Classical: 6 Be2 e5: 7 dxe5, 7 Be3 and Petrosian System without 7...Nbd7} (14. Bh4 g5 15. fxg5 Nh7 16. Bg3 Nxg5 17. h4 Nh7 18. Nf3 Nf6 19. e5 Ng4 20. Nd4 Bxe5 21. Bxe5 {½-½ (21) Rahul,S (2388)-Skoberne,J (2575) Spilimbergo 2018}) 14... Bxf6 15. Nf3 ({Better is} 15. Rhd1 $14) 15... Bxc3 $1 $11 16. bxc3 {The position is equal.} Nc5 17. Nd2 $146 ({Predecessor:} 17. Rd4 Bg4 18. e5 Ne6 19. Re4 Bf5 20. Re3 Nxf4 21. Nd4 Nxe2+ 22. Rxe2 {0-1 (35) Exposito Afonso,R (1945)-Fernandez Manrique,A (2156) Tenerife 2006}) 17... f6 (17... Bf5 $11) 18. Rd1 a5 19. g4 Kg7 20. h4 a4 21. Rg1 Bf7 22. Bd3 (22. f5 $11) 22... Rad8 $15 23. Rxd8 Rxd8 24. Bc2 g5 25. hxg5 hxg5 26. f5 {[#]} (26. fxg5 $11 fxg5 27. Rf1) 26... a3 ({Black should play} 26... Rh8 $1 $17 27. a3 Rh3) 27. Re1 (27. Rh1 $11 {remains equal.}) 27... Nd7 $17 28. Nf3 (28. Bd3 $17) 28... Bxc4 $19 29. e5 Bd5 30. Be4 $2 {[#]} (30. exf6+ $17 Kxf6 31. Nd2) 30... Nc5 $1 31. exf6+ (31. Nd4 $142 Bxa2 32. e6) 31... Kxf6 32. Nd2 Re8 {Accuracy: White =  6%, Black = 57%.} 0-1

[Event "Isey Skyr Open 2019"]
[Site "Selfoss"]
[Date "2019.11.27"]
[Round "5.2"]
[White "Gunnarsson, Jon Viktor"]
[Black "Hardarson, Petur Palmi"]
[Result "1-0"]
[WhiteElo "2439"]
[BlackElo "1993"]
[Annotator "TA"]
[PlyCount "75"]
[EventDate "2019.11.21"]
[EventType "swiss"]
[EventCountry "ISL"]
[SourceTitle "playchess.com"]
[Source "ChessBase"]
[SourceQuality "1"]

{[%evp 11,75,27,22,27,34,22,45,45,43,37,40,38,64,37,67,67,78,68,75,70,81,41,75,70,144,137,159,121,116,126,125,125,129,125,122,123,122,124,127,105,123,114,135,125,238,220,329,327,375,334,380,385,349,371,439,435,431,404,445,410,456,446,440,390,29987,29987]} 1. e4 c5 2. Nf3 Nc6 3. d4 cxd4 4. Nxd4 e5 5. Nb5 d6 6. c4 Be7 7. N5c3 {B32: Sicilian: Löwenthal and Kalashnikov Variations} (7. N1c3 a6 8. Na3 Be6 9. Nc2 Rc8 10. Be2 Na5 11. b3 b5 12. Ne3 bxc4 13. Ned5 Nf6 14. Be3 Bxd5 15. Nxd5 Nxd5 16. Qxd5 O-O 17. O-O cxb3 18. Bxa6 {1-0 (57) Nihal,S (2610)-Cori,J (2676) Khanty-Mansiysk 2019}) 7... Nf6 8. Bd3 Bg4 9. f3 {White is slightly better.} Be6 10. Nd5 O-O 11. Nbc3 Nh5 $146 ({Predecessor:} 11... Nd7 12. O-O Bg5 13. Bxg5 Qxg5 14. Qc1 Qd8 {0-1 (38) Garbett,P (2197)-Hague,B (2356) Auckland 2018}) 12. g3 Nf6 13. Nxe7+ Qxe7 14. Be3 Rac8 15. Be2 a6 16. Qd2 Nb8 17. b3 {[%cal Bb2b3,Bb3b4][%mdl 32]} Qc7 (17... b5 $1 $14) 18. Rc1 $16 Qa5 19. Nd5 Qxd2+ 20. Kxd2 Bxd5 21. cxd5 Nbd7 22. b4 Rfd8 23. a4 {[%cal Ba2a4,Ba4a5][%mdl 32]} Kf8 24. a5 Ke7 25. Rhd1 Ne8 26. Bf1 Nc7 27. Rc2 {Rdc1 is the strong threat.} Nb5 {[#]} (27... Ne8 $16 {was worth a try.} 28. Rdc1 Rxc2+ 29. Rxc2 Ra8) 28. Rdc1 $1 $18 Rxc2+ (28... Ra8 $142 29. Bxb5 axb5) 29. Rxc2 ({Less strong is} 29. Kxc2 Rc8+ 30. Kd3 Rxc1 $16) 29... Rb8 30. Bxb5 axb5 {[%mdl 4096] Endgame KRB-KRN} 31. Rc7 Kd8 32. Bb6 $1 Nxb6 33. axb6 {KR-KR} Ke8 34. f4 h5 35. Ke3 Ra8 36. Rxb7 Ra3+ 37. Kd2 {[#] Black must now prevent Ra7.} h4 $2 (37... Ra2+ $18 38. Kc3 Ra6 39. Rb8+ Ke7 40. Rb7+ Ke8 41. Rb8+ Ke7 42. Rb7+ Ke8) 38. Ra7 {Accuracy: White = 88%, Black = 32%.} 1-0

[Event "Isey Skyr Open 2019"]
[Site "Selfoss"]
[Date "2019.11.27"]
[Round "5.3"]
[White "Kjartansson, Gudmundur"]
[Black "Gislason, Gudmundur"]
[Result "0-1"]
[WhiteElo "2454"]
[BlackElo "2336"]
[Annotator "TA"]
[PlyCount "120"]
[EventDate "2019.11.21"]
[EventType "swiss"]
[EventCountry "ISL"]
[SourceTitle "playchess.com"]
[Source "ChessBase"]
[SourceQuality "1"]

{[%evp 14,120,25,12,26,26,29,14,6,16,6,6,16,7,23,-10,-10,-12,0,-12,-18,-3,42,29,66,52,85,67,83,76,83,29,72,0,46,38,42,37,72,34,73,8,56,48,64,45,67,0,0,0,0,-33,-37,-27,-20,-130,-90,-495,-486,-486,-478,-465,-465,-559,-572,-530,-505,-676,-659,-895,-504,-496,-279,-29978,-29979,-29983,-29984,-29989,-313,-313,-306,-292,-291,-291,-291,-290,-270,-270,-256,-364,-338,-572,-558,-543,-416,-402,-402,-402,-177,-29981,-29982,-29982,-29983,-29983,-29979,-29978,-29979,-29976,-29977]} 1. c4 c5 2. Nc3 g6 3. g3 Bg7 4. Bg2 Nc6 {[%cal Bb8c6,Bc6e5,Be5f3][%mdl 32]} 5. a3 Nf6 6. Rb1 O-O 7. e4 d6 8. Nge2 Ne5 {aiming for ...Nd3+. A16: English Opening: 1...Nf6 with ...d5} (8... Ne8 9. b4 Nc7 10. b5 Nd4 11. Nxd4 cxd4 12. Ne2 Ne6 13. d3 Nc5 14. O-O f5 15. Nf4 Bd7 16. a4 fxe4 17. dxe4 {½-½ (43) Ivanchuk,V (2704)-Bacrot,E (2718) Beijing 2014}) 9. d3 $1 Bg4 10. f4 Nf3+ {The position is equal.} 11. Kf2 Nd4 12. h3 Bxe2 13. Nxe2 Nh5 $146 ({Predecessor:} 13... Nd7 14. Be3 Nxe2 15. Qxe2 e5 16. Rhf1 {1-0 (56) Praznik,N (2386)-Markocic,T (2096) Trieste 2016}) 14. g4 Nxe2 15. Qxe2 Bd4+ 16. Kf3 Ng7 17. Kg3 e6 18. Bf3 f5 19. b4 cxb4 20. Rxb4 Rb8 21. exf5 gxf5 22. g5 (22. Rxb7 $16 Rxb7 23. Bxb7) 22... e5 23. Rxb7 (23. Bxb7 $16 Kh8 24. Bd5) 23... Kh8 24. Rxb8 Qxb8 25. Bd5 exf4+ 26. Bxf4 Re8 {[#]} 27. Qd1 (27. Qf3 $1 $16) 27... Qb2 {[%csl Gd4][%cal Rb2f2]} (27... Be5 $5 {[%cal Rb8b2]}) 28. Rh2 Qxa3 29. Re2 $1 {[%cal Re2e8]} Be5 $1 {White must now prevent ...Nh5+.} 30. Bxe5 (30. Kf3 $1 $14) 30... dxe5 $11 31. Kh2 Qe7 32. Rg2 e4 33. dxe4 fxe4 34. g6 (34. Qd4 $11) 34... e3 $17 35. gxh7 $2 {[%mdl 8192]} (35. Qe1 $17) 35... e2 $19 36. Qe1 Qe5+ 37. Kh1 {Bf3 would now be nice for White.} Qe3 38. Kh2 Qf4+ 39. Kg1 {[#]} Qd4+ $1 40. Kh2 Re3 41. Rg4 Qf6 {( -> ...Qf1!)} 42. Kg2 Qh6 (42... Qe5 $142 {Threatens to win with ...a5.} 43. Kf2 Nf5) 43. Rg3 $2 (43. Bf3 $19) 43... Qh4 44. Bf3 Nf5 45. Qa1+ Qd4 $2 (45... Kxh7 {mates} 46. Qxa7+ Re7 47. Qb8 Nxg3 48. Qb1+ Ne4 49. Bxe4+ Qxe4+ 50. Qxe4+ Rxe4 51. Kg3 e1=Q+ 52. Kg2 Re3 53. c5 Rg3+ 54. Kh2 Qg1#) 46. Qxd4+ Nxd4 47. Bxe2 Rxe2+ {[%mdl 4096] Endgame KRN-KR} 48. Kf1 Rc2 49. Ke1 Rxc4 50. Kd2 Nb5 51. Rg5 (51. Rb3 $142 Rc5 52. Rb4) 51... Rb4 52. Rg6 $2 (52. Rg8+ Kxh7 53. Re8) 52... a5 {[%cal Ba7a5,Ba5a4,Ba4a3,Ba3a2][%mdl 32]} 53. Ra6 a4 54. Rh6 a3 55. Ra6 Rb2+ (55... Rb3 $142 56. Ra5 Rxh3) 56. Kc1 $2 (56. Kd3 $19) 56... Rh2 {Black mates.} 57. Kb1 Nc3+ 58. Kc1 a2 59. h4 Rh1+ 60. Kb2 Rb1+ {Accuracy: White = 31%, Black = 63%.} 0-1

[Event "Isey Skyr Open 2019"]
[Site "Selfoss"]
[Date "2019.11.27"]
[Round "5.4"]
[White "Thorfinnsson, Bjorn"]
[Black "Jonsson, Gauti Pall"]
[Result "1-0"]
[WhiteElo "2401"]
[BlackElo "2040"]
[Annotator "TA"]
[PlyCount "95"]
[EventDate "2019.11.21"]
[EventType "swiss"]
[EventCountry "ISL"]
[SourceTitle "playchess.com"]
[Source "ChessBase"]
[SourceQuality "1"]

{[%evp 19,95,17,16,27,31,20,54,56,70,59,62,58,64,66,61,55,52,27,29,27,21,25,56,48,60,59,63,52,59,59,125,96,129,112,142,136,140,132,212,212,121,266,266,263,255,255,361,317,428,402,346,98,93,135,114,130,347,336,625,598,621,625,616,621,619,620,600,590,557,536,596,568,855,764,1349,1168,1858,1858]} 1. d4 Nf6 2. c4 g6 3. Nf3 Bg7 4. Nc3 O-O 5. e4 d6 6. Be2 Nbd7 7. O-O e5 8. d5 Nc5 9. Qc2 a5 10. Ne1 Nh5 11. Bxh5 {E94: King's Indian: Classical: 6 Be2 e5 7 0-0: Various Black 7th moves} gxh5 12. Be3 (12. f4 exf4 13. Bxf4 f5 14. Nd3 Nxe4 15. Nxe4 fxe4 16. Nf2 Rxf4 17. Nxe4 Qf8 18. Qd2 Rxf1+ 19. Rxf1 {0-1 (42) Shankland,S (2453)-Vovk,Y (2545) ICC INT 2009}) 12... f5 13. Bxc5 $146 {White is slightly better.} ({Predecessor:} 13. f3 b6 14. Nd3 Nxd3 15. Qxd3 f4 16. Bf2 Bf6 17. Kh1 Kh8 18. Rg1 Bd7 {½-½ (26) Rodriguez,A-Zanoletty Garcia,D (2020) Vigo 2003}) 13... dxc5 14. Rd1 Ra6 15. Nd3 Qe7 16. f4 fxe4 17. Nxe5 ({Much worse is} 17. Nxe4 exf4 18. Rde1 (18. Ndxc5 Rg6 $17) (18. Rxf4 Rxf4 19. Nxf4 Bf5 $15) 18... Bf5 $11) 17... Bf5 18. Rde1 Bxe5 19. fxe5 Qxe5 20. Qf2 {White wants to play Nxe4!} Raf6 21. Qxc5 b6 22. Qe3 Bg6 23. Rxf6 Qxf6 24. h3 Re8 (24... h4 $14) 25. b3 Qe5 26. Ne2 Rf8 27. Nd4 Rf7 28. Ne6 Qd6 (28... h4 $16) 29. Rf1 $18 Rxf1+ 30. Kxf1 Qe5 31. Qd4 Qxd4 32. Nxd4 {[%mdl 4096] Endgame KB-KN} Kf7 {[#]} (32... e3 $142 33. Ke2 Bb1) 33. Nb5 $1 Ke7 34. Nxc7 e3 35. Nb5 $2 (35. Ke2 $18 {and the rest is easy.}) 35... Bd3+ $16 36. Ke1 h4 {[#]} 37. Nc3 $1 Kd7 $2 (37... Kd6 $16 {might work better.} 38. Nd1 Bb1) 38. Nd1 $18 Bb1 $2 (38... e2) 39. a3 {White is clearly winning.} Ba2 40. Nxe3 Bxb3 41. Kd2 Kd6 42. Kc3 Ba4 43. Kd4 Bd7 44. Nf1 Bf5 45. Nd2 h6 46. Nf3 Bh7 47. Nxh4 Bb1 48. g4 {Accuracy: White = 83%, Black = 31%.} 1-0

[Event "Isey Skyr Open 2019"]
[Site "Selfoss"]
[Date "2019.11.27"]
[Round "5.5"]
[White "Thorfinnsson, Bragi"]
[Black "Petursson, Gudni"]
[Result "1-0"]
[WhiteElo "2446"]
[BlackElo "2045"]
[Annotator "TA"]
[PlyCount "39"]
[EventDate "2019.11.21"]
[EventType "swiss"]
[EventCountry "ISL"]
[SourceTitle "playchess.com"]
[Source "ChessBase"]
[SourceQuality "1"]

{[%evp 9,39,60,64,10,20,20,91,104,94,7,6,7,0,0,11,8,8,0,-16,0,0,0,128,135,229,198,241,266,400,396,507,414]} 1. e4 c6 2. Bc4 d5 3. Bb3 e5 (3... dxe4 4. Nc3 Nf6 5. Nge2 Na6 6. O-O Nc5 7. Ng3 Bg4 8. Qe1 e6 9. Ngxe4 Nfxe4 10. Nxe4 Nxb3 11. axb3 {½-½ (27) Firouzja,A (2607)-Cheparinov,I (2709) St Petersburg 2018}) 4. d4 dxe4 5. Qh5 Qf6 6. Qxe5+ $146 {B10: Caro-Kann: 2 d3 and 2 c4} (6. Nc3 $14) ({Predecessor:} 6. dxe5 Qf5 7. Qxf5 Bxf5 8. Ne2 Nd7 9. Ng3 Ne7 10. Nc3 Nxe5 11. Ncxe4 {½-½ (28) Bryson,D (2383)-Motwani,P (2509) Stirling 2002}) 6... Qxe5 $11 7. dxe5 g6 (7... Nd7 $11) 8. Nc3 $16 {White is better.} Bf5 9. g4 (9. Nge2 $16) 9... Bxg4 $11 10. Nxe4 Nd7 11. Bf4 Nc5 12. Nxc5 Bxc5 13. e6 (13. f3 $5 {[%cal Rf3g4]} Bh5 14. O-O-O $11) 13... f6 $1 ({Not} 13... Bxe6 $2 14. Bxe6 fxe6 15. Be5 $18) ({Don't blunder} 13... fxe6 $2 14. f3 $18) 14. f3 $36 {[%mdl 2048] White has the initiative.} Bf5 15. O-O-O Rd8 {[#]} (15... Ne7 $11 {remains equal.}) 16. Ne2 $1 $16 Rxd1+ (16... Bb6 $16) 17. Rxd1 $18 g5 18. Bc7 Be7 (18... Kf8 {was necessary.} 19. Rd8+ Kg7) 19. Rd7 Nh6 20. Bg3 {Accuracy: White = 50%, Black = 17%.} 1-0

[Event "Isey Skyr Open 2019"]
[Site "Selfoss"]
[Date "2019.11.28"]
[Round "6.1"]
[White "Gretarsson, Hjorvar Steinn"]
[Black "Gislason, Gudmundur"]
[Result "1-0"]
[WhiteElo "2568"]
[BlackElo "2336"]
[Annotator "TA"]
[PlyCount "53"]
[EventDate "2019.11.21"]
[EventType "swiss"]
[EventCountry "ISL"]
[SourceTitle "playchess.com"]
[Source "ChessBase"]
[SourceQuality "1"]

{[%evp 10,53,43,52,65,64,66,61,71,48,70,57,75,65,73,45,60,39,95,87,98,105,101,114,130,128,134,141,135,139,238,259,314,313,359,319,314,307,312,296,370,331,1023,1012,1239,1208]} 1. c4 c5 2. Nf3 g6 3. e4 Bg7 4. d4 cxd4 5. Nxd4 Nc6 6. Be3 b6 {B38: Sicilian: Maroczy Bind with 5...Bg7 and 7...0-0} 7. Nc3 Bb7 8. Be2 Nf6 {White is slightly better.} 9. O-O h5 $146 ({Predecessor:} 9... O-O 10. Qd2 Qb8 11. f3 Rd8 12. Rfd1 e6 13. Nxc6 dxc6 14. Qxd8+ Qxd8 15. Rxd8+ Rxd8 16. a4 Nd7 17. a5 Rb8 18. Rd1 Bc8 19. axb6 axb6 20. Na4 {1-0 (44) Fridman,D (2668)-McShane,L (2713) Wolvega 2012}) 10. h3 O-O 11. f4 d6 12. Bf3 {[#] e5 is the strong threat.} Rc8 13. b3 Nd7 (13... Nxd4 $14 14. Bxd4 e5 15. fxe5 dxe5) 14. Nde2 $16 Nc5 15. Qd2 Nb4 16. Rab1 f5 17. exf5 {[#] Hoping for Bxb7.} Bxf3 18. Rxf3 Rxf5 19. Nd4 Rf7 (19... Bxd4 $16 {keeps fighting.} 20. Bxd4 Nc6) 20. f5 $18 Qe8 21. Rbf1 Be5 22. fxg6 Rxf3 23. Rxf3 ({Don't play} 23. Nxf3 $6 Qxg6 24. Nd5 Nxd5 $18) 23... Qxg6 24. Nf5 Re8 25. Bd4 Kh7 $2 (25... Bxd4+ 26. Qxd4 (26. Nxd4 Rf8 $16) 26... Kh7) 26. Bxe5 dxe5 27. Nh4 {Accuracy: White = 85%, Black = 28%.} 1-0

[Event "Isey Skyr Open 2019"]
[Site "Selfoss"]
[Date "2019.11.28"]
[Round "6.2"]
[White "Gunnarsson, Jon Viktor"]
[Black "Thorfinnsson, Bragi"]
[Result "1/2-1/2"]
[WhiteElo "2439"]
[BlackElo "2446"]
[Annotator "TA"]
[PlyCount "43"]
[EventDate "2019.11.21"]
[EventType "swiss"]
[EventCountry "ISL"]
[SourceTitle "playchess.com"]
[Source "ChessBase"]
[SourceQuality "1"]

{[%evp 27,43,8,47,16,12,0,33,5,8,-27,-47,-44,-36,-12,-25,-22,-16,0]} 1. e4 e5 2. Nf3 Nc6 3. Bc4 Nf6 4. d3 Be7 5. O-O d6 6. c3 O-O 7. Re1 Na5 8. Bb5 a6 9. Ba4 b5 10. Bc2 c5 11. Nbd2 {[%cal Bb1d2,Bd2f1,Bf1g3][%mdl 32]} Re8 12. Nf1 Bf8 13. Ng3 h6 14. h3 g6 15. d4 {C90: Closed Ruy Lopez with 7...d6: Early deviations} exd4 16. cxd4 Bg7 17. dxc5 {White is slightly better.} (17. b3 Nc6 18. Be3 cxd4 19. Nxd4 Bb7 20. Qd2 Qa5 21. Nxc6 Qxd2 22. Bxd2 Bxc6 {½-½ (94) Predke,A (2601)-Kovalev,V (2636) Moscow 2017}) 17... dxc5 18. e5 $146 {[#] And now Qxd8 would win.} ({Predecessor:} 18. Qxd8 Rxd8 19. Bf4 Re8 20. Bd6 Nb7 21. Be5 {½-½ (21) Utiyama,M (2202)-Pires,M (2160) Iracemapolis 2013}) 18... Qxd1 $1 19. Rxd1 Nd7 $1 20. Ne4 Nxe5 21. Nxe5 Bxe5 22. Nxc5 1/2-1/2

[Event "Isey Skyr Open 2019"]
[Site "Selfoss"]
[Date "2019.11.28"]
[Round "6.3"]
[White "Unnarsson, Sverrir"]
[Black "Kjartansson, David"]
[Result "0-1"]
[WhiteElo "1913"]
[BlackElo "2385"]
[Annotator "TA"]
[PlyCount "134"]
[EventDate "2019.11.21"]
[EventType "swiss"]
[EventCountry "ISL"]
[SourceTitle "playchess.com"]
[Source "ChessBase"]
[SourceQuality "1"]

{[%evp 11,134,33,68,12,28,29,29,29,26,21,40,25,58,41,42,33,43,49,66,57,61,-10,28,-12,0,-51,-35,-47,-36,-135,-68,-70,-74,-91,-45,-60,-68,-76,-82,-181,-174,-175,-88,-95,-66,-70,-64,-65,-73,-87,-83,-145,-64,-58,-63,-65,-66,-60,-68,-86,-87,-85,-84,-92,-87,-118,-93,-157,-100,-113,-31,-47,-32,-70,0,0,0,0,0,0,0,0,84,84,221,0,0,0,0,0,0,-3,0,-25,-8,-24,-17,-64,-51,-47,-46,-62,-62,-76,-73,-89,0,-510,-505,-809,-372,-332,-217,-804,-770,-752,-701,-29982,-29983,-29982,-29983,-29987,-29988,-29990,-29987]} 1. e4 c5 2. Nf3 d6 3. d4 cxd4 4. Nxd4 Nf6 5. Nc3 g6 6. Be3 a6 7. a4 {B72: Sicilian Dragon: 6 Be3, lines with h3+Bc4 and sidelines} (7. f3 $14) (7. f3 b5 8. Qd2 Bb7 9. g4 h6 10. O-O-O Nbd7 11. h4 Rc8 12. Bd3 b4 13. Nce2 e5 14. Nb3 d5 15. exd5 Nxd5 {1-0 (33) Caruana,F (2817)-Shabalov,A (2556) Saint Louis 2017}) 7... Ng4 8. Bg5 h6 $146 ({Predecessor:} 8... Bg7 9. Bc4 Qb6 10. Nce2 Qb4+ 11. c3 Qxc4 {0-1 (11) Albesa,A (1389)-Gimenes,L (1276) LSS email 2006}) 9. Bh4 {White has an edge.} g5 10. Bg3 Bg7 $1 11. Be2 Ne5 12. Qd2 Nbc6 {[%cal Bb8c6,Bc6e5,Be5c4][%mdl 32]} 13. Nb3 Be6 14. Nd5 Ng6 15. c3 Rc8 16. Nc1 ({White should play} 16. a5 $14) 16... Nce5 17. Ne3 Qd7 $36 {[%mdl 2048] Black is more active.} 18. Nd3 (18. Bxe5 $11 Nxe5 19. O-O) 18... Nc4 $15 19. Nxc4 $1 Rxc4 20. Qe3 {[#]} (20. Nb4 $15) 20... Rxa4 (20... Rxc3 $1 $17 {[%mdl 512]} 21. O-O (21. bxc3 Bxc3+) 21... Rc4) 21. O-O Rxa1 22. Rxa1 Qc7 23. f4 {f5 is the strong threat.} Bc4 24. fxg5 hxg5 25. Nb4 (25. Rf1 $17) 25... Bxe2 $19 26. Qxe2 Ne5 (26... Be5 $19 27. Qe3 f6) 27. Nd5 $17 Qd8 28. Rd1 e6 29. Ne3 Qb6 30. Kh1 Qc6 31. Ng4 ({White should try} 31. Qd2) 31... f6 (31... Qc4 $17 32. Qxc4 Nxc4) 32. Nxe5 dxe5 33. Qd3 O-O 34. Bf2 Rf7 35. Be3 Bf8 36. h3 a5 {[%cal Ba6a5,Ba5a4][%mdl 32]} 37. Kh2 a4 38. Bc1 Kg7 39. Kg3 (39. h4 $142) 39... Qb6 (39... Be7 $142 40. Kh2 Kg6) 40. Qf3 Be7 (40... Kg6 $17 41. Kh2 Be7) 41. h4 $1 $15 gxh4+ 42. Kh3 Kg8 (42... Qc6 $15) 43. Bh6 $1 $11 {Threatens to win with Qg4+.} Rh7 44. Qh5 {[#] White threatens Qe8+ and mate.} Qe3+ $1 {[%mdl 512]} 45. Bxe3 {Bh6 would kill now.} Rxh5 {[%mdl 4096] Endgame KRB-KRB} 46. Rd7 Kf8 (46... Rh7 $1 $11) 47. Rxb7 $16 f5 {[#]} (47... Rh8 $16 {might work better.}) 48. exf5 $2 ({White must play} 48. c4 $1 $18) 48... exf5 $11 49. Ra7 Ke8 50. Rxa4 Kd7 51. Ra6 Rh8 52. b4 Rc8 53. Bd2 Rc4 54. g3 hxg3 55. Kxg3 Bd6 56. Kf2 Rh4 57. Ke2 e4 58. c4 Be5 (58... f4 $17 59. Ra7+ Ke8 60. Ra8+ Kf7 61. Ra7+ Be7) 59. b5 $2 {[%mdl 8192]} (59. Ra7+ $11 Kc6 60. Ra6+ Kd7 61. Ra5 Rh2+ 62. Kd1) 59... f4 $19 {And now ...f3+ would win.} 60. Bb4 (60. Kf1 $142 Rh1+ 61. Kg2) 60... Rh2+ (60... f3+ $142 61. Ke3 Rh2 62. Ra7+ Ke6 63. Kxe4 f2 64. Re7+ Kf6) 61. Kd1 {intending Ra7+.} e3 {Hoping for ...f3.} 62. c5 $2 (62. Ra7+ Ke6 63. Re7+ Kf6 64. Re8) 62... f3 63. c6+ Ke6 {( -> ...f2)} 64. Be1 {[#]} Rh1 $1 {[%mdl 512] Black mates.} 65. c7+ Kd7 66. Rc6 Bxc7 67. Rc3 {[#]} f2 {Played: Rh1xe1} 0-1

[Event "Isey Skyr Open 2019"]
[Site "Selfoss"]
[Date "2019.11.28"]
[Round "6.4"]
[White "Hardarson, Petur Palmi"]
[Black "Stefansson, Vignir Vatnar"]
[Result "0-1"]
[WhiteElo "1993"]
[BlackElo "2338"]
[Annotator "TA"]
[PlyCount "28"]
[EventDate "2019.11.21"]
[EventType "swiss"]
[EventCountry "ISL"]
[SourceTitle "playchess.com"]
[Source "ChessBase"]
[SourceQuality "1"]

{[%evp 15,98,28,45,38,29,13,11,0,0,-16,0,-32,0,0,9,-23,-29,-25,-30,-29,-22,-148,-153,-196,-191,-196,-200,-243,-245,-243,-247,-247,-247,-247,-247,-241,-129,-241,-241,-248,-243,-283,-281,-324,-246,-235,0,-323,-323,-370,-293,-304,-295,-294,-285,-290,-276,-274,-297,-305,-300,-278,-294,-295,-304,-297,-281,-299,-298,-298,-297,-278,-283,-312,-303,-337,-338,-394,-376,-645,-638,-608,-524,-537,-522]} 1. d4 f5 2. Nf3 Nf6 3. g3 g6 4. Bg2 Bg7 5. O-O O-O 6. b3 d6 7. Bb2 Ne4 8. Nbd2 Nc6 9. Ne1 {A81: Dutch Defence: 2 g3} d5 10. e3 e5 11. Ndf3 {[%cal Rf3e5] The position is equal.} exd4 12. exd4 f4 13. Nd3 $146 ({Predecessor:} 13. Ne5 Nxe5 14. dxe5 c6 15. c4 Be6 16. Nd3 Bh6 {½-½ (75) Donchenko,A (2455)-Pruijssers,R (2539) Groningen 2013}) 13... fxg3 14. fxg3 a5 {Played: Bc8-g4} 0-1